| 000 | 005010000a22001690004500 | ||
|---|---|---|---|
| 003 | MACL | ||
| 005 | 20151217141110.0 | ||
| 008 | 151217b xxu||||| |||| 00| 0 eng d | ||
| 040 |
_aMACL _cMACL |
||
| 041 | _aEnglish | ||
| 082 | _a030/STU | ||
| 100 |
_aH S Stuttman Ins Publishers _920412 |
||
| 245 |
_aScience and Invention Encyclopedia _bVol 16 Protective Clothing Reproduction Printing |
||
| 260 |
_bH S Stuttman Ins Publishers _c1989 |
||
| 650 |
_aEncyclopaedia _920758 |
||
| 942 |
_cBK _k030/STU _2ddc |
||
| 999 |
_c39875 _d39875 |
||